000 00696nam a2200181Ia 4500
008 100920s9999 xx 000 0 und d
082 _b93016
_a--- न 05
100 _aअष्टीकर मंदाकिनी.
245 _aबहरला वृक्ष शृंगारली वेल.
260 _bनिशिगंधा प्रकाशन,पुणे.
_c2005
300 _a240
_bसाधी
365 _b225
520 _aकादंबरी.
630 _aबहरला वृक्ष शृंगारली वेल.
650 _aकादंबरी.
730 _aबहरला वृक्ष शृंगारली वेल.
942 _cBOOK
999 _c733459
_d733456